| 000 | 00549nam a22001817a 4500 | ||
|---|---|---|---|
| 003 | koha_MIRAKIL | ||
| 005 | 20231213100025.0 | ||
| 008 | 231213b |||||||| |||| 00| 0 ||| d | ||
| 020 | _b978-6-05-541389-7 | ||
| 040 |
_aTR-IsEVY _btur _cTR-IsEVY |
||
| 082 | _a297.63 SAT/G | ||
| 100 | _aSatılmışoğlu, Aliye. | ||
| 245 | 0 |
_aGül’ün (s.a.s) yaprakları _bEsmaü’n nebiHz. Muhammed’in (s.a.s.) isimleri ve sıfatları |
|
| 260 |
_bAkçağ Yayınları, _c2012 |
||
| 300 | _a238 s. | ||
| 650 | _aHz. Muhammed, 571-632. | ||
| 942 |
_2ddc _cBK |
||
| 999 |
_c13286 _d13286 |
||